Handbook Of Brain Theory And Neural Networks (Record no. 315501)

MARC details
000 -LEADER
fixed length control field 00489nam a2200169Ia 4500
008 - FIXED-LENGTH DATA ELEMENTS--GENERAL INFORMATION
fixed length control field 230718s9999 xx 000 0 und d
020 ## - INTERNATIONAL STANDARD BOOK NUMBER
International Standard Book Number 9798179926139
041 ## - LANGUAGE CODE
Language code of text/sound track or separate title eng
082 ## - DEWEY DECIMAL CLASSIFICATION NUMBER
Classification number 004.6
Item number ARB
100 ## - MAIN ENTRY--PERSONAL NAME
Personal name Arbib M.A. (Editor)
9 (RLIN) 145196
245 ## - TITLE STATEMENT
Title Handbook Of Brain Theory And Neural Networks
260 ## - PUBLICATION, DISTRIBUTION, ETC. (IMPRINT)
Date of publication, distribution, etc. 2006
Name of publisher, distributor, etc. Jaico Publishing House
300 ## - PHYSICAL DESCRIPTION
Extent 1118
Accompanying material [OBSOLETE, CAN/MARC] Ref 419 I (26708)
365 ## - TRADE PRICE
Currency code Rs.
Price amount 3995.00
700 ## - ADDED ENTRY--PERSONAL NAME
Personal name Arbib M.A. (Editor)
9 (RLIN) 145196
906 ## - LOCAL DATA ELEMENT F, LDF (RLIN)
d 2135/15.11.06
c IT
b 799
Holdings
Withdrawn status Lost status Source of classification or shelving scheme Reference No Damaged status Not for loan Home library Current library Date acquired Vendor Budget Code Cost, normal purchase price Bill number Full call number Barcode Date last seen Discount Cost, replacement price Bill Date Koha item type Original Barcode
    Dewey Decimal Classification Ref 419 I (26708)   Reference Cummins College of Engineering for Women Pune Cummins College of Engineering for Women Pune 16/11/2006 Pradeep Book Distributors IT 3196.00 2135/15.11.06 004.6 CCEP-BK-26708 18/07/2023 799 3995.00 15/11/2006 Books 026708